000 01748nam a2200445Ii 4500
001 DIGOLEJNK0424
003 NyNyDIG
006 m o d
007 cr |||||||||||
008 220523s2017 cl o 000 0 spa d
035 _a(OCoLC)1335135059
040 _aDGITA
_beng
_erda
_epn
_cDGITA
020 _z9789567799404
043 _ae------ae-uk---
050 1 4 _aK559 ebook
100 1 _aAmodio, Claudia,
_eauthor.
245 1 0 _aNuevas tendencias del derecho comparado /
_cClaudia Amodio, Cristina Costantini.
264 1 _aSantiago, Chile :
_bEdiciones Olejnik ;
_aLima, Perú :
_bARA Editores,
_c[2017]
300 _a1 online resource.
336 _atext
_btxt
_2rdacontent
337 _acomputer
_bc
_2rdamedia
338 _aonline resource
_bcr
_2rdacarrier
347 _atext file
_2rdaft
347 _bPDF
490 1 _aBiblioteca de derecho comparado y sistemas jurídicos
588 0 _aOnline resource; title from PDF title page (Digitalia, viewed May 23, 2022)
650 0 _aComparative law.
650 0 _aUndue influence.
650 0 _aContracts
_zEuropean Union countries.
650 0 _aCommon law
_zGreat Britain.
700 1 _aCostantini, Cristina,
_eauthor.
655 0 _aElectronic books.
791 2 _aDigitalia (Firm),
_edistributor.
793 0 _gDigitalia eBook Collection:
_aEdiciones Olejnik
776 0 8 _iPrint version:
_aAmodio, Claudia.
_tNuevas tendencias del derecho comparado.
_b1a edición.
_dSantiago, Chile : Ediciones Olejnik ; Lima, Perú : ARA Editores, 2017
_z9789567799404
830 0 _aBiblioteca de derecho comparado y sistemas jurídicos.
856 4 0 _3Digitalia Hispánica
_uhttps://www.digitaliapublishing.com/a/105247/
910 _aPremium collection: 2022
942 _cRAA
999 _c271189
_d271189